LEADER 01067nam a2200265 i 4500 001 000000215796 003 CaOOAMICUS 005 20120913000000.0 008 120913s2009 it u000 u ita u 013 $a194671 020 $a978-88-215-6440-6 040 $aSeMil$bita 100 1 $aPasquale, Gianluigi,$c.$0(OLS)http://semarc/name/93001 245 10$aFrate Francesco /$cGianluigi Pasquale. 260 $aCinisello Balsamo :$bSan Paolo,$c2009. 300 $a178 p. ;$c20 cm. 490 0 $aSanti e Sante di Dio ;$v43 600 04$aFrancesco : d'Assisi .$0(OLS)http://semarc/subject/1416 830 0$aSanti e sante di Dio ;$v43.$0(OLS)http://semarc/title/17351 850 $aSeMil 852 $aSeMil$W1$xVenegono$y1$m3H IV 474$j166216$B166216$CSeMilBibl$Z2$F179257 $81 961 $aOmaggio: Altro 996 $6020$a978-88-215-6440-6$9(OLS)http://semarc/number/212498 996 $6245$aFrate Francesco$9(OLS)http://semarc/title/178677 996 $6260$aCinisello Balsamo :$bSan Paolo$9(OLS)http://semarc/publisher/30129 LEADER 00817nam a2200193 i 4500 001 000000049746 003 CaOOAMICUS 005 20121108000000.0 008 121108s1780 xx u000 u lat u 013 $a20917 026 $a6763 acsa n-b. PeJa (3) 1780 (R) 040 $aSeMil$bita 245 10$a1. 300 $axvi, 528 p. 500 $aSegn. : a8 A-2K8. 773 0 $aGazzaniga, Pietro Maria $tTheologiae dogmaticae in systema redactae pars prior [-altera] a fr. Petro Mar. Gazzaniga ordinis praedicatorum ... in usum suorum auditorum edita.$bEditio prima veneta a pluribus mendis expurgata.$dVenetiis : Apud Thomam Bettinelli, 1780.$g1$w()27631 850 $aSeMil 852 $aSeMil$W1$xVenegono$y1$m2D II 39 FA$j15901$B15901$CSeMilBibl$Z2$F15901 $8I 996 $6245$a1$9(OLS)http://semarc/title/6508